00621cam a22001933a 450000100060000000300060000600500170001200800410002904000150007004200070008524501310009226000290022350600300025251600200028270000230030270000310032583000290035685600420038541344PGUSA20140828083930.0121111s2012||||xxu|||||s|||||000 | eng d aPGUSAbeng adc10aWisconsin in Story and Song; :bSelections from the Prose and Poetry of Badger State Writersh[electronic resource] /cVarious bProject Gutenberg,c2012 aPublic domain in the USA. aElectronic text1 aRounds, Charles R.1 aHippensteel, Henry Sherman 0aProject Gutenbergv4134440uhttp://www.gutenberg.org/ebooks/41344